Statistiques concernant powerlifting test

Cliquez ici pour prendre le quiz!

Statistiques générales

  • Ce quiz a été pris 13 fois
  • Le résultat moyen est 9 sur 15

Statistiques - réponses

QuestionRéponse% Correct
Quel est la marque qui sponsorise les équipes internationalesSBD
82%
Combien de temps à l'athlète pour se préparer sur le plateau ?1 minute
64%
Combien pèse un poids rouge en compétition ?25kg
64%
Comment sont classés les athlètes à la fin de la compétition ?au poids total
64%
C'est quoi Sheffield ?le tournois des champions
64%
Quelle est la catégorie d'âge pour les 24/39 ansopen
64%
A quoi servent les cartons lors d'une lumière rouge au lift ?pour aider l'athlète à savoir son erreur
64%
Quels sont les ordres au squatSquat Rack
64%
Quels sont les ordres au bench ?start press rack
64%
Quel est l'unique équipement obligatoire ?le singlet
55%
Comment se qualifier pour les championnats de France ?réaliser les minimas N1
55%
Quel est l'ordre de passage des mouvements ?Squat Bench Deadlift
55%
Qui est l'influenceur et champion du monde le plus connu en France ?The Panash
55%
Quels sont les ordres au deadlift ?down
45%
Quelle est la différence entre powerlifting et force athlétiquel'équipement
45%

Distribution des résultats

Percentile par nombre de réponses

% des personnes avec chaque résultat

Votre développement - résultats

Vous n’avez pas pris ce quiz